| 000 | 00537nam a22001937a 4500 | ||
|---|---|---|---|
| 003 | OSt | ||
| 005 | 20260430111049.0 | ||
| 008 | 260429b |||||||| |||| 00| 0 eng d | ||
| 020 | _a9788121909099 | ||
| 040 |
_bEnglish _cCentral Library IIT Goa |
||
| 082 |
_a530 _bARO |
||
| 100 |
_aArora,C. L. _93791 |
||
| 245 |
_aB.sc Practical Physics / _cC. L. Arora |
||
| 260 |
_aNoida: _bS Chand and Company Ltd. , _c1995 |
||
| 300 | _axiv,693p. | ||
| 650 |
_aPhysical measurements _93792 |
||
| 650 |
_aPhysical instruments _93793 |
||
| 942 |
_2ddc _cBK |
||
| 999 |
_c1916 _d1916 |
||